Comcept on forests and wl=ildlife devilopment plans in kompong cham province, ទស្សនៈទាននៃការរៀបចំផែនការអភិវឌ្ឍន៍ព្រៃឈើនិងសត្វព្រៃនៅខេត្តកំពង់ចាម (Record no. 3144)

000 -LEADER
fixed length control field 00634nam a22001577a 4500
003 - CONTROL NUMBER IDENTIFIER
control field OSt
005 - DATE AND TIME OF LATEST TRANSACTION
control field 20151104160726.0
008 - FIXED-LENGTH DATA ELEMENTS--GENERAL INFORMATION
fixed length control field 151104b xxu||||| |||| 00| 0 eng d
040 ## - CATALOGING SOURCE
Transcribing agency RUA
082 ## - DEWEY DECIMAL CLASSIFICATION NUMBER
Classification number FOR KIM 1997 B123 Or.1
100 ## - MAIN ENTRY--PERSONAL NAME
9 (RLIN) 3371
Personal name KIM, SOBEN.
245 ## - TITLE STATEMENT
Title Comcept on forests and wl=ildlife devilopment plans in kompong cham province, ទស្សនៈទាននៃការរៀបចំផែនការអភិវឌ្ឍន៍ព្រៃឈើនិងសត្វព្រៃនៅខេត្តកំពង់ចាម
260 ## - PUBLICATION, DISTRIBUTION, ETC. (IMPRINT)
Place of publication, distribution, etc. Phnom Penh
Name of publisher, distributor, etc. RUA
Date of publication, distribution, etc. 1997
300 ## - PHYSICAL DESCRIPTION
Extent 59p.
Other physical details ill.
Dimensions 29cm.
942 ## - ADDED ENTRY ELEMENTS (KOHA)
Source of classification or shelving scheme
Koha item type FOR
Holdings
Price effective from Date last seen Permanent Location Not for loan Date acquired Source of classification or shelving scheme Koha item type Barcode Lost status Damaged status Shelving location Withdrawn status Current Location Full call number
2015-11-042015-11-04Library Block B 2015-11-04 FORRUA026443  B123 Library Block BFOR KIM 1997 B123 Or.1
2015-11-042015-11-04Library Block B 2015-11-04 FORRUA010909  B123 Library Block BFOR KIM 1997 B123 Or.2
2015-11-042015-11-04Library Block B 2015-11-04 FORRUA010837  B123 Library Block BFOR KIM 1997 B123 Or.3
2015-11-062015-11-06Library Block B 2015-11-06 FORRUA027589  B123 Library Block BFOR KIM 1997 B123 Or.4
មជ្ឈមណ្ឌលឯការនៃសាកលវិទ្យាល័យភូមិន្ទកសិកម្មចំការដូង

Powered by Koha